Responses for Show #3914 - Thursday, September 13, 2001

Contestants

[<< previous game]

Jennifer Hartford, an insurance adjuster from West Covina, California

Francis Grant Jr., an Earth science teacher from New York, New York

Bethany Paye, a graduate student from Scarborough, Maine (whose 1-day cash winnings total $8,000)

[next game >>]

Jeopardy! Round responses

WORLD WAR II IN PICTURES
COMIC STRIP SETTINGS
NAME DRINKS
KNOWING HIM BIBLICALLY
OH, CRAPS!
(Alex: The correct responses will be a combination of dice.)
POOCH PROVERBS
    $100 22
Hiroshima

Francis
    $100 11
Batman

Jennifer
    $100 1
a Bloody Mary

Bethany
    $100 4
Job

Bethany
    $100 17
(Bethany: What is 11?)
(Jennifer: What is 10?)
(Francis: What is 9?)

(Alex: Remember, we said the combo. We were talking about--not the total--we were talking about the combo of [*].)

5 & 6

BethanyFrancisJennifer
Triple Stumper
    $100 6
fleas

Francis
    $200 23
(Jennifer: What is Westminster Abbey?)

St. Paul's

FrancisJennifer
    $200 12
Li'l Abner

Francis
    $200 2
a Shirley Temple

Bethany
    $200 18
Lazarus

Jennifer
    $200 27
1 & 2

Bethany
    $200 7
bark

Jennifer
    $300 24
Tokyo Rose

Jennifer
    $300 13
Archie Andrews

Francis
    $300 3
Roy Rogers

Francis
    $300 19
Moses

Jennifer
    $300 28
(Jennifer: What is 2 and 2?)

3 & 1

FrancisJennifer
    $300 8
(Francis: What is wet, Alex?)
(Alex: No.)
[Laughter]

cold

Francis
Triple Stumper
    $400 25
Glenn Miller

Jennifer
    $400 14
Beetle Bailey

Francis
    $400 5
a Harvey Wallbanger

Jennifer
    $400 20
Noah

Francis
    $400 29
(Francis: What is 5 and 3?)

4 & 4

FrancisJennifer
    $400 9
Every dog has its day

Bethany
    $500 26
Nuremberg

Francis
    $500 15
(Francis: Who was Snuffy Smith?)

Pogo

FrancisJennifer
    $500 10
a Tom Collins

Francis
    $400 21
Judas Iscariot

Francis
    $500 30
(Francis: What is 9 and 1?)
(Alex: No! [Laughs])
(Francis: See, I don't play craps!)
(Alex: Obviously! Jennifer?)
(Jennifer: What is 5 and 5?)
(Alex: No, that's a hard 10.)

4 & 6

FrancisJennifer
Triple Stumper
    $500 16
a lion

Jennifer

Scores at the first commercial break (after clue 16):

Bethany Francis Jennifer
$800 $1,000 $1,700

Scores at the end of the Jeopardy! Round:

Bethany Francis Jennifer
$900 $1,900 $2,200

Double Jeopardy! Round responses

COLORFUL GEOGRAPHY
TV TITLE PAIRS
A McCATEGORY
MYTHING IN ACTION
HOW "U" DOING?
FELINE FINE
    $200 16
the Blue Grotto

Jennifer
    $200 1
Dharma & Greg

Bethany
    $200 11
Paul McCartney

Jennifer
    $200 17
Mount Olympus

Jennifer
    $200 22
(Jennifer: What is the Ukraine?)

Uzbekistan

BethanyJennifer
    $200 6
Tony the Tiger

Jennifer
    $400 27
(Bethany: What is Bordeaux?)

(Alex: You were right to think of wines, but the wrong part of the country, it's [*].)

Burgundy

Bethany
Triple Stumper
    $400 2
Mork & Mindy

Jennifer
    $400 12
(Joseph) McCarthy

Bethany
    $400 18
Prometheus

Francis
    $400 23
uvula

Bethany
    $400 7
catnip

Jennifer
    $600 28
(Bethany: What is Nanook?)
(Alex: No. Nanook of the North? The name of the…)
[Laughter]

(Alex: [*] of the North!)

the Red River

BethanyFrancis
    $600 3
Laverne & Shirley

Jennifer
    $600 13
(John) McEnroe

Bethany
    $600 19
(Francis: Who is Diana?)

Athena

FrancisJennifer
    $600 24
the upshot

Triple Stumper
    $600 8
Siamese

Francis
    $3,000 29
[The end-of-round signal sounds.]

Yellowstone Lake

Francis
    $800 4
Cagney & Lacey

Bethany
    $800 14
(Robert Strange) McNamara

Bethany
    $1,000 20
Odysseus

Jennifer
    $800 25
Utrecht

Jennifer
    $800 9
India

Francis
    $1000 5
Tenspeed & Brownshoe

Francis
    $1000 15
(Francis: Who is Marshall McCullen?)

(Alex: No, just a slight mispronunciation, but it had to cost you, Francis. Sorry.)

Marshall McLuhan

BethanyFrancis
    $1000 21
harpies

Bethany
    $1000 26
(Francis: What is utopia?)

utilitarianism

Francis
Triple Stumper
    $1000 10
a cheetah

Francis

Scores at the end of the Double Jeopardy! Round:

Bethany Francis Jennifer
$5,300 $6,700 $6,600

[wagering suggestions for these scores]

Final Jeopardy! Round responses

FILM DIRECTORS
BethanyWho is Capra?
$300
JenniferWho is C Tur
$1,400
FrancisWho is Freling?
$6,600
Fritz Lang

Final scores:

Bethany Francis Jennifer
$5,000 $100 $5,200
2nd place 3rd place New champion: $5,200

Game dynamics:

Coryat scores:

Bethany Francis Jennifer
$5,300 $4,600 $6,400
14 R,
3 W
19 R
(including 2 DDs),
8 W
20 R
(including 1 DD),
5 W

Combined Coryat: $16,300

[game clues] [game scores] [suggest correction]

Game tape date: 2001-04-24
The J! Archive is created by fans, for fans. Scraping, republication, monetization, and malicious use prohibited; this site may use cookies and collect identifying information. See terms. The Jeopardy! game show and all elements thereof, including but not limited to copyright and trademark thereto, are the property of Jeopardy Productions, Inc. and are protected under law. This website is not affiliated with, sponsored by, or operated by Jeopardy Productions, Inc. Join the discussion at JBoard.tv.